Great white sharks : (Record no. 129766)

MARC details
000 -LEADER
fixed length control field 00771cam a2200241 a 4500
008 - FIXED-LENGTH DATA ELEMENTS--GENERAL INFORMATION
fixed length control field
020 ## - INTERNATIONAL STANDARD BOOK NUMBER
International Standard Book Number 9780124150317 (pbk.)
049 ## - LOCAL HOLDINGS (OCLC)
Holding library MAIN
090 ## - LOCALLY ASSIGNED LC-TYPE CALL NUMBER (OCLC); LOCAL CALL NUMBER (RLIN)
Classification number (OCLC) (R) ; Classification number, CALL (RLIN) (NR) QL638.95.L3
Local cutter number (OCLC) ; Book number/undivided call number, CALL (RLIN) GRE
003 - CONTROL NUMBER IDENTIFIER
control field
005 - DATE AND TIME OF LATEST TRANSACTION
control field 20230123122219.0
040 ## - CATALOGING SOURCE
Transcribing agency NUST
245 00 - TITLE STATEMENT
Title Great white sharks :
Remainder of title the biology of Carcharodon carcharias /
Statement of responsibility, etc. edited by A. Peter Klimley, David G. Ainley.
260 ## - PUBLICATION, DISTRIBUTION, ETC.
Place of publication, distribution, etc. San Diego, Calif. :
Name of publisher, distributor, etc. Academic Press,
Date of publication, distribution, etc. 1996.
300 ## - PHYSICAL DESCRIPTION
Extent xi, 517 p. :
Other physical details ill., maps ;
Dimensions 29 cm.
500 ## - GENERAL NOTE
General note Includes index.
504 ## - BIBLIOGRAPHY, ETC. NOTE
Bibliography, etc. note Includes bibliographical references.
650 #0 - SUBJECT ADDED ENTRY--TOPICAL TERM
Topical term or geographic name entry element White shark.
700 1# - ADDED ENTRY--PERSONAL NAME
Personal name Klimley, A. Peter.
700 1# - ADDED ENTRY--PERSONAL NAME
Personal name Ainley, David G.
907 ## - LOCAL DATA ELEMENT G, LDG (RLIN)
a .b10374012
b 02-06-16
c 01-06-16
942 ## - ADDED ENTRY ELEMENTS (KOHA)
Koha item type Ordinary Loan Books
Call number prefix QL638.95.L3
Call number suffix GRE
Holdings
Date last seen Total Checkouts Full call number Barcode Cost, replacement price Price effective from Koha item type Lost status Source of classification or shelving scheme Damaged status Not for loan Collection Withdrawn status Home library Current library Shelving location Date acquired Cost, normal purchase price
01/23/2023   QL638.95.L3 GRE 92004037717 80.00 01/23/2023 BOOKS   LCC     NFIC   MAIN MAIN GEN 01/23/2023 80.00